| 000 | 00494nam a22001937a 4500 | ||
|---|---|---|---|
| 003 | MPLRDC | ||
| 005 | 20220104153636.0 | ||
| 008 | 210129b ||||| |||| 00| 0 eng d | ||
| 020 | _a957-13-3874-5 | ||
| 082 | _a855 LOF-5 | ||
| 100 | _a李欧梵著 | ||
| 245 |
_a城市奏鸣曲 _c |
||
| 250 | _a初版 | ||
| 260 |
_a _b时报文化出版企业股份有限公司 _c2003 |
||
| 300 | _b平 | ||
| 490 | _a新人间丛书; 72 | ||
| 650 | _a散文;随笔、日记 | ||
| 942 |
_cBK _o855 LOF-5 |
||
| 999 |
_c53543 _d53533 |
||